Loading...
| Science - Chemistry | 1 | 3 | 0 | 0 | 45 | 74 | 96.50 | 3 | 4 | 0.00 | 0.00 |
| Fine Arts - Visual | 1 | 2 | 0 | 2 | 35 | 48 | 103.67 | 1 | 3 | 0.00 | 0.00 |
| Fine Arts - Other | 0 | 3 | 0 | 0 | 30 | 88 | 101.33 | 1 | 3 | 0.00 | 0.00 |
| Literature - British | 0 | 3 | 0 | 1 | 30 | 110 | 120.00 | 1 | 3 | 0.00 | 0.00 |
| Literature - World | 1 | 2 | 1 | 0 | 30 | 77 | 79.33 | 3 | 3 | 0.00 | 0.00 |
| Fine Arts - Auditory | 1 | 1 | 0 | 1 | 25 | 60 | 91.00 | 1 | 2 | 0.00 | 0.00 |
| Literature - European | 1 | 1 | 0 | 0 | 25 | 39 | 76.00 | 1 | 2 | 0.00 | 0.00 |
| History - Other | 1 | 1 | 0 | 0 | 25 | 62 | 86.50 | 2 | 2 | 0.00 | 0.00 |
| Literature - American | 0 | 2 | 0 | 1 | 20 | 94 | 114.00 | 0 | 2 | 0.00 | 0.00 |
| Science - Physics | 1 | 0 | 0 | 0 | 15 | 60 | 60.00 | 1 | 1 | 0.00 | 0.00 |
| History - American | 1 | 0 | 0 | 0 | 15 | 31 | 31.00 | 1 | 1 | 0.00 | 0.00 |
| Philosophy | 0 | 2 | 1 | 0 | 15 | 81 | 97.00 | 2 | 2 | 0.00 | 0.00 |
| Science - Biology | 1 | 0 | 0 | 0 | 15 | 61 | 61.00 | 1 | 1 | 0.00 | 0.00 |
| Current Events | 0 | 1 | 0 | 1 | 10 | 130 | 130.00 | 0 | 1 | 0.00 | 0.00 |
| Mythology | 1 | 0 | 1 | 0 | 10 | 73 | 73.00 | 0 | 1 | 0.00 | 0.00 |
| History - World | 0 | 1 | 0 | 1 | 10 | 143 | 143.00 | 1 | 1 | 0.00 | 0.00 |
| Religion | 0 | 0 | 1 | 0 | -5 | 0.00 | 0 | 0 | 0.00 | 0.00 |